000 00218nam a22000857a 4500
008 161124b xxu||||| |||| 00| 0 eng d
100 _91347
_aBPI India
245 _aThe Lake of the Moon
260 _aNew Delhi
_bBPI India
_c2011
999 _c4062
_d4062